Teoría de la educación /

El principal objetivo de este libro es evidenciar y demostrar que la única teoría posible es una teoría que sirva para mejorar e innovar la educación, tanto escolar como no formal. Es por tanto un libro idóneo para ser no sólo leído sino practicado y experimentado por maestros, profesores en general...

Descripción completa

Detalles Bibliográficos
Autor principal: Colom Cañellas, Antonio J.
Otros Autores: Núñez Cubero, Luis
Formato: Libro
Lenguaje:español
Publicado: Madrid Síntesis 2005
Colección:Teoría e historia de la Educación 8
Materias:
Acceso en línea:

MARC

LEADER 00000cam a2200000 a 4500
001 013870
003 UAHC_CL
005 20170803121051.0
008 090123s2005 sp 000 spa
020 |a 8477389098 
040 |a UAHC_CL  |c UAHC_CL  |d UAHC_CL 
082 0 4 |a 370.1  |b C718  |2 20 
100 1 |a Colom Cañellas, Antonio J. 
245 1 0 |a Teoría de la educación /  |c Antoni J. Colom Cañellas, Luis Núñez Cubero. 
260 |b Síntesis  |a Madrid  |c 2005 
300 |a 361 p. 
490 0 |a Teoría e historia de la Educación  |v 8 
520 |a El principal objetivo de este libro es evidenciar y demostrar que la única teoría posible es una teoría que sirva para mejorar e innovar la educación, tanto escolar como no formal. Es por tanto un libro idóneo para ser no sólo leído sino practicado y experimentado por maestros, profesores en general, pedagogos y estudiantes, ya que en él encontrarán las últimas tendencias educativas así como un sentido eminentemente practicista que hace de este manual una verdadera herramienta para generar acción educativa en nuestra actual sociedad inmersa en procesos significativos de cambio y evolución. 
521 |a Teoría y problemas pedagógicos contemporáneos 
650 4 |a FILOSOFIA DE LA EDUCACION 
650 4 |a TEORIA DE LA EDUCACION 
653 |a OB. FORMACION PEDAGOGIA EN ENSENANZA MEDIA 
700 1 |a Núñez Cubero, Luis 
900 |a 370.1 COL 
942 |c BK 
952 |0 0  |1 0  |4 0  |6 370_100000000000000_COL  |7 0  |8 General  |9 27822  |a BC  |b BC  |c General  |d 2017-08-03  |o 370.1 COL  |p 1368259  |r 2026-01-13 00:00:00  |t 1  |w 2017-08-03  |y BK 
952 |0 0  |1 0  |4 0  |6 370_100000000000000_COL  |7 0  |8 General  |9 27823  |a BC  |b BC  |c General  |d 2017-08-03  |o 370.1 COL  |p 1368260  |r 2026-01-13 00:00:00  |t 2  |w 2017-08-03  |y BK 
952 |0 0  |1 0  |4 0  |6 370_100000000000000_COL  |7 0  |8 General  |9 27824  |a BC  |b BC  |c General  |d 2017-08-03  |o 370.1 COL  |p 1368261  |r 2026-01-13 00:00:00  |t 3  |w 2017-08-03  |y BK 
999 |c 13870  |d 13870